[Event "Hamburg-ch Seniors 65+"]
[Site "Hamburg"]
[Date "2018.11.08"]
[Round "9"]
[White "Heitsch, Karl Wilhelm"]
[Black "Malchers, Detlef Guenter"]
[Result "1/2-1/2"]
[WhiteElo "1492"]
[BlackElo "1674"]
[PlyCount "85"]
[EventDate "2018.10.31"]
[EventType "swiss"]
[EventRounds "9"]
[EventCountry "GER"]
[SourceTitle "CBM 189 Extra"]
[Source "ChessBase"]
[SourceDate "2019.06.03"]
[SourceVersion "1"]
[SourceVersionDate "2019.06.03"]
[SourceQuality "1"]

1. d4 d5 2. c4 c6 3. e3 Nf6 4. Nc3 e6 5. a3 Be7 6. Qc2 Nbd7 7. Nf3 h6 8. b3 Nh7 9. Be2 Ng5 10. e4 Nxe4 11. Nxe4 dxe4 12. Qxe4 Nf6 13. Qc2 0-0 14. Bb2 Qc7 15. g3 c5 16. dxc5 Qxc5 17. b4 Qf5 18. 0-0 b6 19. Qb3 Bb7 20. Nh4 Qg5 21. f4 Qxh4 22. gxh4 Ne4 23. Qc2 Bxh4 24. Bd4 Rfd8 25. Rad1 f5 26. Bf3 Rd7 27. Qg2 Kh7 28. Kh1 Rg8 29. Rg1 Rxd4 30. Rxd4 Nf2+ 31. Qxf2 Bxf2 32. Bxb7 Bxd4 33. Rf1 Rb8 34. Ba6 Bb2 35. Rf3 Rd8 36. Kg2 Rd1 37. Bc8 Rd6 38. Rb3 Bf6 39. Re3 Rd4 40. Bxe6 Rxf4 41. Bd5 Bg5 42. Re8 Rg4+ 43. Kf3 1/2-1/2

[Event "Hamburg-ch Seniors 65+"]
[Site "Hamburg"]
[Date "2018.11.04"]
[Round "5"]
[White "Roepke, Karl Peter"]
[Black "Malchers, Detlef Guenter"]
[Result "0-1"]
[WhiteElo "1414"]
[BlackElo "1674"]
[PlyCount "36"]
[EventDate "2018.10.31"]
[EventType "swiss"]
[EventRounds "9"]
[EventCountry "GER"]
[SourceTitle "CBM 189 Extra"]
[Source "ChessBase"]
[SourceDate "2019.06.03"]
[SourceVersion "1"]
[SourceVersionDate "2019.06.03"]
[SourceQuality "1"]

1. d4 d5 2. Bf4 e6 3. e3 Nf6 4. Nd2 Nc6 5. c3 Be7 6. Bd3 h6 7. h3 Bd6 8. Bh2 Bxh2 9. Rxh2 0-0 10. Ngf3 b6 11. Ne5 Nxe5 12. dxe5 Nd7 13. f4 Qh4+ 14. Kf1 Nc5 15. Qe2 Nxd3 16. Qxd3 a5 17. Nf3 Qg3 18. Qe2 Ba6 0-1

[Event "Hamburg-ch Seniors 65+"]
[Site "Hamburg"]
[Date "2018.11.03"]
[Round "4"]
[White "Malchers, Detlef Guenter"]
[Black "Graffenberger, Marianne"]
[Result "0-1"]
[WhiteElo "1674"]
[BlackElo "1428"]
[PlyCount "83"]
[EventDate "2018.10.31"]
[EventType "swiss"]
[EventRounds "9"]
[EventCountry "GER"]
[SourceTitle "CBM 189 Extra"]
[Source "ChessBase"]
[SourceDate "2019.06.03"]
[SourceVersion "1"]
[SourceVersionDate "2019.06.03"]
[SourceQuality "1"]

1. e4 e5 2. Nf3 Nc6 3. d4 exd4 4. Bc4 Be7 5. c3 d6 6. Nxd4 Ne5 7. Bb3 Nf6 8. Nf5 Bxf5 9. exf5 0-0 10. Bg5 c6 11. Nd2 d5 12. h3 Nd3+ 13. Ke2 Nc5 14. Nf3 Re8 15. Re1 Bd6+ 16. Kf1 h6 17. Be3 Nxb3 18. Qxb3 Qc7 19. Kg1 b6 20. Rac1 Qc8 21. Qc2 Ne4 22. Nh4 Be7 23. g3 Bxh4 24. gxh4 Qxf5 25. Kh2 Qf6 26. Rg1 Qxh4 27. Rg4 Qe7 28. Bxh6 Qe5+ 29. Bf4 Qh5 30. Rcg1 g6 31. Qe2 Nf6 32. Qf3 Nxg4+ 33. Rxg4 Re6 34. Qg3 Rae8 35. Rg5 Qe2 36. Kg2 Qe4+ 37. Kh2 Qe2 38. Kg2 Qxb2 39. Re5 Rxe5 40. Bxe5 Qxa2 41. Qf4 Qc4 42. Qd4 0-1

[Event "Hamburg-ch Seniors 23rd"]
[Site "Hamburg"]
[Date "2016.11.10"]
[Round "9"]
[White "Malchers, Detlef Guenter"]
[Black "Zimmermann, Manfred"]
[Result "1/2-1/2"]
[WhiteElo "1173"]
[BlackElo "1777"]
[PlyCount "39"]
[EventDate "2016.11.02"]
[EventType "swiss"]
[EventRounds "9"]
[EventCountry "GER"]
[SourceTitle "EXT 2019"]
[Source "ChessBase"]
[SourceDate "2018.10.10"]
[SourceVersion "1"]
[SourceVersionDate "2018.10.10"]
[SourceQuality "1"]

1. d4 Nf6 2. c4 d6 3. Nf3 g6 4. Nc3 Bg7 5. e3 0-0 6. Be2 c6 7. b3 Bf5 8. Bb2 Qc8 9. Bd3 Bxd3 10. Qxd3 Nbd7 11. Qd2 Re8 12. 0-0 Nb6 13. Qc2 d5 14. c5 Nbd7 15. b4 e5 16. dxe5 Ng4 17. Ne2 Ngxe5 18. Nxe5 Nxe5 19. Nd4 Qd7 20. a3 1/2-1/2

[Event "Hamburg-ch Seniors 23rd"]
[Site "Hamburg"]
[Date "2016.11.03"]
[Round "2"]
[White "Bock, Georg"]
[Black "Malchers, Detlef Guenter"]
[Result "0-1"]
[WhiteElo "1433"]
[BlackElo "1173"]
[PlyCount "58"]
[EventDate "2016.11.02"]
[EventType "swiss"]
[EventRounds "9"]
[EventCountry "GER"]
[SourceTitle "EXT 2019"]
[Source "ChessBase"]
[SourceDate "2018.10.10"]
[SourceVersion "1"]
[SourceVersionDate "2018.10.10"]
[SourceQuality "1"]

1. e4 e5 2. Bc4 d6 3. h3 Nc6 4. Nf3 Be7 5. c3 h6 6. Qb3 Be6 7. Bxe6 fxe6 8. Qxe6 Nf6 9. d3 Qd7 10. Qb3 0-0-0 11. 0-0 Nh5 12. Nh2 Rhf8 13. Qd1 Nf4 14. Bxf4 Rxf4 15. Qh5 Rdf8 16. Nd2 Rh4 17. Qe2 Rhf4 18. Qh5 Bg5 19. Qe2 Ne7 20. Ndf3 Ng6 21. Nxg5 hxg5 22. Qh5 Nh4 23. Qxg5 R8f6 24. Qh5 b6 25. Rae1 Rg6 26. Ng4 Rgxg4 27. hxg4 Rxg4 28. f3 Rxg2+ 29. Kh1 Qh3# 0-1